Ký ức Núi Đất, Rùm Đuôn…
Uloženo v:
| Hlavní autor: | |
|---|---|
| Médium: | Kniha |
| Jazyk: | Undetermined |
| Témata: | |
| On-line přístup: | http://lrc.tdmu.edu.vn/opac/search/detail.asp?aID=2&ID=23295 |
| Tagy: |
Přidat tag
Žádné tagy, Buďte první, kdo otaguje tento záznam!
|
| Thư viện lưu trữ: | Trung tâm Học liệu Trường Đại học Thủ Dầu Một |
|---|
| LEADER | 00727nam a2200145Ia 4500 | ||
|---|---|---|---|
| 001 | TDMU_23295 | ||
| 008 | 210410s9999 xx 000 0 und d | ||
| 082 | |a 959.7 | ||
| 100 | |a Hoàng Thành | ||
| 245 | 0 | |a Ký ức Núi Đất, Rùm Đuôn… | |
| 245 | 0 | |c Hoàng Thành | |
| 300 | |a 4tr | ||
| 650 | |a Ông Nguyễn Thành Danh (Nguyên Trưởng ban Thông tin liên lạc Trung ương Cục miền Nam); Đại tướng Nguyễn Chí Thanh ; Di tích căn cứ Trung ương Cục miền Nam; Kháng chiến chống Mỹ; Lịch sử | ||
| 856 | |u http://lrc.tdmu.edu.vn/opac/search/detail.asp?aID=2&ID=23295 | ||
| 980 | |a Trung tâm Học liệu Trường Đại học Thủ Dầu Một | ||